000 00686nam a2200241 i 4500
001 C2-0232994
003 PPAK
005 20180728090134.0
008 010319s1985 my a|||| ||||| | may d
040 _aPPAK
_beng
_cPPAK
_erda
082 0 4 _a959.5115
_223
090 0 0 _a959.5115
_bSEL
_dG
090 0 0 _a959.5115
_bSEL
_dKMI
245 0 0 _aSelangor dahulu dan sekarang
264 1 _aKuala Lumpur :
_bPersatuan Muzium Malaysia ,
_c1985
300 _ax, 138 pages :
_billustrations ;
_c23 cm
336 _2rdacontent
_atext
337 _2rdamedia
_aunmediated
338 _2rdacarrier
_avolume
650 1 0 _aSelangor - History.
700 1 _aKhoo, Kay Kim,
_eeditor
942 _ddc
_cB
999 _c152034
_d152034